[Event "Chigorin Memorial 27th"]
[Site "St Petersburg"]
[Date "2019.10.11"]
[Round "7"]
[White "Paltusov, Sergei"]
[Black "Gordon, Evgeny"]
[Result "1/2-1/2"]
[WhiteElo "1798"]
[BlackElo "2030"]
[PlyCount "50"]
[EventDate "2019.10.05"]
[EventType "swiss"]
[EventRounds "9"]
[EventCountry "RUS"]
[SourceTitle "EXT 2021"]
[Source "ChessBase"]
[SourceDate "2020.10.23"]
[SourceVersion "1"]
[SourceVersionDate "2020.10.23"]
[SourceQuality "1"]

1. Nf3 d5 2. d4 e6 3. e3 c5 4. c4 cxd4 5. exd4 dxc4 6. Bxc4 Nf6 7. 0-0 Be7 8. Nc3 0-0 9. d5 exd5 10. Nxd5 Nxd5 11. Qxd5 Qxd5 12. Bxd5 Nc6 13. Re1 Bf6 14. h3 Nb4 15. Be4 h6 16. Bd2 Nc6 17. Bxc6 bxc6 18. Bb4 Rd8 19. Be7 Bxe7 20. Rxe7 Be6 21. b3 a5 22. Rc1 Kf8 23. Rc7 a4 24. R7xc6 axb3 25. axb3 Bxb3 1/2-1/2

[Event "Chigorin Memorial 27th"]
[Site "St Petersburg"]
[Date "2019.10.10"]
[Round "6"]
[White "Gordon, Evgeny"]
[Black "Svergina, Sofya"]
[Result "1/2-1/2"]
[WhiteElo "2030"]
[BlackElo "1738"]
[PlyCount "77"]
[EventDate "2019.10.05"]
[EventType "swiss"]
[EventRounds "9"]
[EventCountry "RUS"]
[SourceTitle "EXT 2020"]
[Source "ChessBase"]
[SourceDate "2019.10.17"]
[SourceVersion "1"]
[SourceVersionDate "2019.10.17"]
[SourceQuality "1"]

1. d4 Nf6 2. c4 e6 3. Nf3 d5 4. Nc3 c5 5. cxd5 Nxd5 6. e4 Nxc3 7. bxc3 cxd4 8. cxd4 Bb4+ 9. Bd2 Bxd2+ 10. Qxd2 0-0 11. Rb1 b6 12. Bc4 Bb7 13. Qe3 Nd7 14. 0-0 Rc8 15. Rbc1 Qe7 16. e5 Rfd8 17. Bd3 Bxf3 18. gxf3 Nf8 19. Rxc8 Rxc8 20. Rd1 Qb4 21. Kg2 Qa4 22. Qd2 Kh8 23. Be4 Rd8 24. Kg3 h6 25. f4 Nd7 26. Qc2 Qxc2 27. Bxc2 Nb8 28. Be4 g6 29. h4 h5 30. Kf3 Na6 31. Ke3 Nb4 32. Rc1 Kg7 33. Rc7 Nxa2 34. Rxa7 Nc3 35. Bf3 Nd5+ 36. Bxd5 Rxd5 37. Rb7 Rb5 38. d5 Rxd5 39. Rxb6 1/2-1/2

[Event "Chigorin Memorial 27th"]
[Site "St Petersburg"]
[Date "2019.10.05"]
[Round "1"]
[White "Moroni, Luca Jr"]
[Black "Gordon, Evgeny"]
[Result "1-0"]
[WhiteElo "2553"]
[BlackElo "2030"]
[PlyCount "79"]
[EventDate "2019.10.05"]
[EventType "swiss"]
[EventRounds "9"]
[EventCountry "RUS"]
[SourceTitle "EXT 2020"]
[Source "ChessBase"]
[SourceDate "2019.10.17"]
[SourceVersion "1"]
[SourceVersionDate "2019.10.17"]
[SourceQuality "1"]

1. c4 e6 2. Nc3 d5 3. d4 Be7 4. cxd5 exd5 5. Bf4 c6 6. e3 Bf5 7. Nge2 Nf6 8. Ng3 Bg6 9. h4 h6 10. h5 Bh7 11. Bd3 Nbd7 12. Bxh7 Nxh7 13. Nf5 0-0 14. Qg4 Ng5 15. 0-0-0 Kh7 16. Nxe7 Qxe7 17. Bxg5 hxg5 18. e4 Kh6 19. f4 f5 20. exf5 Qe3+ 21. Rd2 Qxf4 22. Qd1 Qxf5 23. g4 Qf3 24. Qc2 Rf6 25. Re1 Qxg4 26. Re7 Nf8 27. Nd1 Qg1 28. Rde2 Rc8 29. Rxb7 Qxd4 30. Kb1 Qc4 31. Qxc4 dxc4 32. Ne3 Rf4 33. Rxa7 Kh7 34. Re7 Rd8 35. Rg2 Rd3 36. Rxg5 Rd2 37. Rexg7+ Kh8 38. Rg8+ Kh7 39. R5g7+ Kh6 40. Ng4+ 1-0

[Event "Poti op 13th"]
[Site "Poti"]
[Date "2018.07.20"]
[Round "9"]
[White "Kokaia, Guram"]
[Black "Gordon, Evgeny"]
[Result "1-0"]
[WhiteElo "2159"]
[BlackElo "2016"]
[PlyCount "51"]
[EventDate "2018.07.13"]
[EventType "swiss"]
[EventRounds "9"]
[EventCountry "GEO"]
[SourceTitle "CBM 185 Extra"]
[Source "ChessBase"]
[SourceDate "2018.07.29"]
[SourceVersion "1"]
[SourceVersionDate "2018.07.29"]
[SourceQuality "1"]

1. e4 d6 2. d4 Nf6 3. Nc3 e5 4. Nge2 Be7 5. g3 c6 6. Bg2 b5 7. a3 0-0 8. 0-0 a5 9. d5 Bb7 10. dxc6 Bxc6 11. h3 Nbd7 12. g4 Nc5 13. Ng3 b4 14. axb4 axb4 15. Rxa8 Bxa8 16. Nd5 Nxd5 17. exd5 g6 18. Bh6 Re8 19. Qd2 b3 20. cxb3 Nxb3 21. Qe3 Na5 22. Qc3 Nb7 23. b4 Qb8 24. Rc1 f6 25. Qc7 Qa7 26. Qd7 1-0

[Event "Poti op 13th"]
[Site "Poti"]
[Date "2018.07.14"]
[Round "2"]
[White "Gordon, Evgeny"]
[Black "Yeritsyan, Hayk"]
[Result "1/2-1/2"]
[WhiteElo "2016"]
[BlackElo "2178"]
[PlyCount "111"]
[EventDate "2018.07.13"]
[EventType "swiss"]
[EventRounds "9"]
[EventCountry "GEO"]
[SourceTitle "CBM 185 Extra"]
[Source "ChessBase"]
[SourceDate "2018.07.29"]
[SourceVersion "1"]
[SourceVersionDate "2018.07.29"]
[SourceQuality "1"]

1. d4 Nf6 2. c4 e6 3. Nc3 d5 4. Nf3 Be7 5. Bf4 c5 6. dxc5 Bxc5 7. e3 Nc6 8. Be2 0-0 9. 0-0 dxc4 10. Qxd8 Rxd8 11. Bxc4 b6 12. Rfd1 Bb7 13. a3 Rac8 14. h3 h6 15. Kf1 Rxd1+ 16. Nxd1 Na5 17. Ba2 Be7 18. Be5 Ne4 19. Nc3 Nc6 20. Bb1 Nd2+ 21. Nxd2 Nxe5 22. f4 Rd8 23. Be4 Rxd2 24. Bxb7 Nc4 25. Nd1 Bc5 26. Ke1 Rd7 27. Bf3 Bxe3 28. Nxe3 Nxe3 29. Rc1 g6 30. g4 Nd5 31. Bxd5 Rxd5 32. Ke2 a5 33. Ke3 Rb5 34. b4 axb4 35. Rb1 b3 36. Kd3 b2 37. Kc3 Kg7 38. a4 Ra5 39. Kb4 Rd5 40. Rxb2 Kf6 41. Rc2 Rd4+ 42. Kb5 Rxf4 43. Ra2 Rf3 44. Kxb6 Rxh3 45. a5 Rb3+ 46. Kc7 Rc3+ 47. Kb7 Rd3 48. Kc7 Ke7 49. a6 Rd7+ 50. Kb8 f5 51. Rh2 f4 52. Rxh6 Kf6 53. Rh8 e5 54. Re8 Kg5 55. a7 Rxa7 56. Kxa7 1/2-1/2

[Event "Chigorin Memorial 25th"]
[Site "St Petersburg"]
[Date "2017.10.29"]
[Round "9"]
[White "Shirshov, Nikolay"]
[Black "Gordon, Evgeny"]
[Result "1/2-1/2"]
[WhiteElo "2134"]
[BlackElo "1990"]
[PlyCount "128"]
[EventDate "2017.10.21"]
[EventType "swiss"]
[EventRounds "9"]
[EventCountry "RUS"]
[SourceTitle "CBM 181 Extra"]
[Source "ChessBase"]
[SourceDate "2017.12.12"]
[SourceVersion "1"]
[SourceVersionDate "2017.12.12"]
[SourceQuality "1"]

1. Nf3 d5 2. c4 e6 3. g3 Nf6 4. Bg2 Be7 5. 0-0 0-0 6. d4 dxc4 7. Ne5 c5 8. dxc5 Qc7 9. Nxc4 Rd8 10. Qb3 Bxc5 11. Bf4 Qe7 12. Nba3 Nd5 13. Be5 Nc6 14. Rad1 Nxe5 15. Nxe5 f6 16. e4 Nb6 17. Nd3 Bxa3 18. bxa3 Bd7 19. Nf4 Ba4 20. Rxd8+ Rxd8 21. Qe3 g5 22. Nh3 h6 23. f4 Bb5 24. Re1 Rd3 25. Qe2 Qc5+ 26. Kh1 Qc3 27. Rf1 Nd7 28. Qh5 Nf8 29. fxg5 hxg5 30. Nxg5 Rd7 31. Rb1 Bd3 32. Rd1 fxg5 33. Qxg5+ Qg7 34. Qc1 Bb5 35. Re1 Bc6 36. Qf4 Rf7 37. Qe3 a6 38. Bf3 Qe5 39. Kg1 Rh7 40. Bd1 Rg7 41. Qf3 Rf7 42. Qg4+ Qg7 43. Qe2 Qf6 44. Qe3 Nd7 45. e5 Nxe5 46. Be2 Nf3+ 47. Bxf3 Qxf3 48. Qg5+ Rg7 49. Qd8+ Qf8 50. Qd4 Bd5 51. Rc1 Bc6 52. Rf1 Qe7 53. Qe5 Bd5 54. Qb8+ Kh7 55. Rf4 Qc5+ 56. Kf1 Qc1+ 57. Ke2 Bc4+ 58. Kf3 Qd1+ 59. Kg2 Qd5+ 60. Kf2 Qd2+ 61. Kg1 Qd1+ 62. Kg2 Qd5+ 63. Kf2 Qc5+ 64. Kg2 Bd5+ 1/2-1/2

[Event "Paracin Summer op-A 10th"]
[Site "Paracin"]
[Date "2017.07.11"]
[Round "6.36"]
[White "Gordon, Evgeny"]
[Black "Strugnell, Carl"]
[Result "0-1"]
[WhiteElo "1942"]
[BlackElo "2271"]
[PlyCount "64"]
[EventDate "2017.07.07"]
[EventType "swiss"]
[EventRounds "9"]
[EventCountry "SRB"]
[SourceTitle "EXT 2018"]
[Source "ChessBase"]
[SourceDate "2017.10.13"]
[SourceVersion "1"]
[SourceVersionDate "2017.10.13"]
[SourceQuality "1"]

1. d4 Nf6 2. c4 e6 3. Nc3 Bb4 4. Qc2 0-0 5. a3 Bxc3+ 6. Qxc3 b6 7. Nf3 Bb7 8. e3 d6 9. Be2 Nbd7 10. 0-0 Ne4 11. Qc2 f5 12. b4 Rf6 13. c5 Bd5 14. Bc4 Bxc4 15. Qxc4 Rh6 16. Qe2 bxc5 17. dxc5 e5 18. Bb2 Kh8 19. Rfd1 Qe7 20. Rac1 g5 21. Nd2 Nxd2 22. Rxd2 f4 23. cxd6 cxd6 24. Rc7 Qe6 25. Qc4 Nb6 26. Qe4 Re8 27. Rc6 Qe7 28. exf4 gxf4 29. Qxf4 Rg6 30. Qf3 Reg8 31. Qh3 d5 32. Rxg6 Rxg6 0-1

[Event "Chigorin Memorial 24th"]
[Site "St Petersburg"]
[Date "2016.10.19"]
[Round "5"]
[White "Pankova, Julia"]
[Black "Gordon, Evgeny"]
[Result "0-1"]
[WhiteElo "1745"]
[BlackElo "1988"]
[PlyCount "70"]
[EventDate "2016.10.15"]
[EventType "swiss"]
[EventRounds "9"]
[EventCountry "RUS"]
[SourceTitle "CBM 175 Extra"]
[Source "ChessBase"]
[SourceDate "2016.12.12"]
[SourceVersion "1"]
[SourceVersionDate "2016.12.12"]
[SourceQuality "1"]

1. e4 d6 2. d4 Nf6 3. Nc3 e5 4. Nf3 Nbd7 5. Bc4 Be7 6. 0-0 0-0 7. Re1 c6 8. a4 a5 9. h3 Nb6 10. Ba2 Nfd7 11. Be3 exd4 12. Bxd4 Qc7 13. Qd2 Ne5 14. Nxe5 dxe5 15. Be3 Bb4 16. Bb3 Nd7 17. Qe2 Nc5 18. Bxc5 Bxc5 19. Nd1 Qe7 20. Ne3 Qg5 21. Qf3 g6 22. Kh2 Kg7 23. Qg3 Qf4 24. Qxf4 exf4 25. Nd1 Be6 26. Bxe6 fxe6 27. f3 Rad8 28. Re2 Rd7 29. Nc3 e5 30. Na2 Rfd8 31. Nc1 Rd1 32. Nb3 Rxa1 33. Nxa1 Rd1 34. Nb3 Bg1+ 35. Kh1 Bf2+ 0-1

[Event "Chigorin Memorial 23rd"]
[Site "St Petersburg"]
[Date "2015.10.08"]
[Round "6"]
[White "Gordon, Evgeny"]
[Black "Hojjatova, Aydan Hikmat Qizi"]
[Result "0-1"]
[WhiteElo "2015"]
[BlackElo "2315"]
[PlyCount "94"]
[EventDate "2015.10.03"]
[EventType "swiss"]
[EventRounds "9"]
[EventCountry "RUS"]
[SourceTitle "CBM 168 Extra"]
[Source "ChessBase"]
[SourceDate "2015.10.29"]
[SourceVersion "1"]
[SourceVersionDate "2015.10.29"]
[SourceQuality "1"]

1. d4 d6 2. Nf3 f5 3. g3 Nf6 4. Bg2 g6 5. c4 Bg7 6. Nc3 0-0 7. 0-0 c6 8. d5 e5 9. dxe6 Bxe6 10. Qd3 Ng4 11. Ng5 Bc8 12. Nf3 Na6 13. Bg5 Ne5 14. Bxd8 Nxd3 15. exd3 Rxd8 16. a3 Be6 17. Rfe1 Re8 18. Ng5 Bd7 19. Bf1 Nc5 20. Nf3 h6 21. Re3 g5 22. Rae1 Ne6 23. R3e2 Bf6 24. Nb1 Kf7 25. Kh1 Rg8 26. Rc2 g4 27. Nh4 Nd4 28. Rcc1 Bxh4 29. gxh4 Nf3 30. Red1 Nxh4 31. Nc3 h5 32. d4 Rae8 33. b4 f4 34. Re1 Bf5 35. b5 Rxe1 36. Rxe1 Nf3 37. Rc1 Nxd4 38. bxc6 bxc6 39. Rd1 c5 40. Nd5 Be4+ 41. Bg2 f3 42. Bf1 Bxd5 43. cxd5 Ne2 44. Rb1 Re8 45. h3 c4 46. Kh2 c3 47. Rb7+ Re7 0-1